[Event "Oberliga Ost-B 0708"]
[Site "Germany"]
[Date "2008.03.09"]
[Round "8.6"]
[White "Mayer, Frank1"]
[Black "Wendling, Hannes"]
[Result "1/2-1/2"]
[WhiteElo "2110"]
[BlackElo "2137"]
[PlyCount "112"]
[EventDate "2007.10.07"]
[EventType "team-tourn"]
[EventRounds "11"]
[EventCountry "GER"]
[SourceTitle "EXT 2009"]
[Source "ChessBase"]
[SourceDate "2008.11.26"]
[SourceVersion "1"]
[SourceVersionDate "2008.11.26"]
[SourceQuality "1"]
[WhiteTeam "Wiesbaden"]
[BlackTeam "Erfurt Empor"]
[WhiteTeamCountry "GER"]
[BlackTeamCountry "GER"]

1. e4 c5 2. Nc3 d6 3. f4 g6 4. Nf3 Bg7 5. Bc4 Nc6 6. 0-0 e6 7. d3 Nge7 8. Qe1 0-0 9. f5 d5 10. Bb3 c4 11. dxc4 dxe4 12. f6 Bxf6 13. Nxe4 Bg7 14. Bg5 f6 15. Rd1 Qc7 16. Bc1 Na5 17. Nd6 Nxb3 18. cxb3 a6 19. b4 e5 20. a4 Nf5 21. c5 Be6 22. Nxf5 Bxf5 23. Qc3 Rad8 24. b5 axb5 25. axb5 Be6 26. Be3 Rd5 27. Rxd5 Bxd5 28. Rd1 Qf7 29. b4 Rc8 30. Qd3 Be6 31. Qd6 Bf8 32. Qb6 Bd5 33. Rc1 Be7 34. c6 Bxb4 35. cxb7 Rxc1+ 36. Bxc1 Bxb7 37. Bh6 Bf8 38. Qd8 Qe7 39. Qb8 Qc5+ 40. Kh1 Bd5 41. Ne1 e4 42. Nc2 Kf7 43. Qxf8+ Qxf8 44. Bxf8 Kxf8 45. Ne3 Ba8 46. b6 Ke7 47. Nc4 Kd7 48. Na5 Kc8 49. g3 f5 50. Kg2 Bd5 51. Kf2 g5 52. Ke3 Ba8 53. Kd4 f4 54. b7+ Bxb7 55. Nxb7 Kxb7 56. Kxe4 Kc7 1/2-1/2

[Event "GER-chT U16"]
[Site "Uelzen"]
[Date "2007.12.28"]
[Round "4.1"]
[White "Wendling, Hannes"]
[Black "Stitterich, Nadine"]
[Result "0-1"]
[WhiteElo "2146"]
[BlackElo "1745"]
[PlyCount "76"]
[EventDate "2007.12.27"]
[EventType "team-swiss"]
[EventRounds "7"]
[EventCountry "GER"]
[SourceTitle "EXT 2022"]
[Source "ChessBase"]
[SourceDate "2021.10.06"]
[SourceVersion "1"]
[SourceVersionDate "2021.10.06"]
[SourceQuality "1"]
[WhiteTeam "Erfurt Empor U16"]
[BlackTeam "Stuttgart Wolfbusch U16"]
[WhiteTeamCountry "GER"]
[BlackTeamCountry "GER"]

1. c4 Nf6 2. Nc3 g6 3. d4 Bg7 4. g3 0-0 5. Bg2 d6 6. e3 Nbd7 7. Nge2 e5 8. 0-0 h6 9. Rb1 Nh7 10. b4 f5 11. a4 Ndf6 12. Ba3 e4 13. b5 g5 14. c5 g4 15. Nf4 Ng5 16. b6 axb6 17. cxd6 cxd6 18. Qb3+ Kh7 19. Qxb6 Ra6 20. Qb3 Nf3+ 21. Bxf3 gxf3 22. Rfc1 h5 23. h4 Bh6 24. Nb5 Bxf4 25. Rc7+ Kh6 26. exf4 Rb6 27. Ra1 Bd7 28. Bxd6 Rg8 29. Be5 Be6 30. Qa3 Nd5 31. Kh2 Rg4 32. Rc5 Rxh4+ 33. Kg1 Qg8 34. Rxd5 Bxd5 35. Qe7 Rg4 36. Kh2 Rf6 37. Qd7 Rh4+ 38. Kg1 Rh3 0-1

[Event "Oberliga Ost-B 0708"]
[Site "Germany"]
[Date "2007.11.25"]
[Round "4.5"]
[White "Wendling, Hannes"]
[Black "Guenther, Peter"]
[Result "1/2-1/2"]
[WhiteElo "2137"]
[BlackElo "2271"]
[PlyCount "49"]
[EventDate "2007.10.07"]
[EventType "team-tourn"]
[EventRounds "11"]
[EventCountry "GER"]
[SourceTitle "EXT 2009"]
[Source "ChessBase"]
[SourceDate "2008.11.26"]
[SourceVersion "1"]
[SourceVersionDate "2008.11.26"]
[SourceQuality "1"]
[WhiteTeam "Erfurt Empor"]
[BlackTeam "Frankfurt BvK"]
[WhiteTeamCountry "GER"]
[BlackTeamCountry "GER"]

1. e4 e6 2. d4 d5 3. Nc3 Bb4 4. exd5 exd5 5. Bd3 Nc6 6. a3 Bxc3+ 7. bxc3 Nf6 8. Ne2 0-0 9. 0-0 Na5 10. Ng3 Be6 11. Rb1 a6 12. h3 b5 13. Qf3 h6 14. Ra1 Nc4 15. a4 c6 16. Nh5 Nxh5 17. Qxh5 Nd6 18. Re1 Qd7 19. g4 Rfe8 20. Bxh6 gxh6 21. Qxh6 f5 22. Qg6+ Kf8 23. Qh6+ Kg8 24. Qg6+ Kf8 25. Qh6+ 1/2-1/2